=LDR 00000nam 2200000 4500 =001 INLIS000000000042380 =005 20150309095811.0 =006 =007 =008 ind =035 ##$$0010-101300000000302 =041 ##$$a ind =082 ##$$a 618.92 =090 ##$$a 618.92, Keg k =245 ##$$a Kegawat daruratan pediatri, Editor, Amma lalani, Suzan schreeweess; Alih bahasa, Aryadhito widhi nugroho =260 ##$$a 2008 $b Jakarta =300 ##$$a Xiii,491 hlm, Ilus, 24 cm =650 ##$$a PEDIARI =700 ##$$a Amanina Lalani =850 ##$$a NBPNMAT =990 ##$$a 0001/BPAP-NTB/2015 =990 ##$$a 03220322 =990 ##$$a 0001/BPAP-NTB/20142015 =990 ##$$a 21400613/BPAP-NTB/20142014 =990 ##$$a 0001/BPAP-NTB/2015 =990 ##$$a 01201900322